[Event "Pamplona IRT rap op"]
[Site "Pamplona"]
[Date "2012.11.10"]
[Round "8"]
[White "Ruiz Aguilar, Pablo Alexander"]
[Black "Lopez Hernandez, Carlos Manuel"]
[Result "0-1"]
[WhiteElo "2266"]
[BlackElo "2300"]
[PlyCount "70"]
[EventDate "2012.11.09"]
[EventType "swiss"]
[EventRounds "11"]
[EventCountry "COL"]
[SourceTitle "CBM 151 Extra"]
[Source "ChessBase"]
[SourceDate "2012.12.18"]
[SourceVersion "1"]
[SourceVersionDate "2012.12.18"]
[SourceQuality "1"]

1. e4 c5 2. Nf3 Nc6 3. Nc3 Nf6 4. d4 cxd4 5. Nxd4 e5 6. Ndb5 d6 7. Bg5 a6 8. Bxf6 gxf6 9. Na3 b5 10. Nd5 f5 11. c3 Bg7 12. exf5 Bxf5 13. Qf3 Be6 14. Nxb5 0-0 15. Na3 e4 16. Qd1 Qg5 17. Ne3 d5 18. h4 Qd8 19. Qa4 Qb6 20. Rb1 f5 21. Be2 f4 22. Nec2 f3 23. gxf3 exf3 24. Bf1 Rae8 25. Ne3 Bf5 26. Qxa6 Rxe3+ 27. Kd2 Re2+ 28. Bxe2 Qxf2 29. Rbe1 Ne5 30. Rhf1 Qg3 31. Rg1 Qf4+ 32. Kd1 fxe2+ 33. Qxe2 Bg4 34. Rxg4 Nxg4 35. Nc2 Nf2+ 0-1